LEADER 02199nam a2200373 u 4500 001 000000056428 003 CaOOAMICUS 005 20070226120455.0 008 920410m19741980it u000 u ita u 035 $a10871657 040 $aPica$bdut$dPUL(R) 245 00$aStoria dei Valdesi /$cAmadeo Molnar, Augusto Armand Hugon, Valdo Vinay. 260 $aTorino :$bClaudiana,$c1974-1980. 300 $a3 v. :$bill, maps ;$c24 cm 490 1 $aStudi storici (Claudiana) 505 0 $aI: Dalle origini all'adesione alla Riforma (1176-1532) / Amadeo Molnar. - 1974. - II: Dall'adesione alla Riforma all'Emancipazione (1532-1848) / Augusto Armand Hugon. - 1974. - III: Dal movimento evangelico italiano al movimento ecumenico (1848-1978) / Valdo Vinay. - 1980 650 4$aValdesi.$0(OLS)http://pul/subject/7045 700 1 $aMolnár, Amedeo,$d1923-1990.$0(OLS)http://pul/name/3563 700 1 $aVinay, Valdo.$0(OLS)http://pul/name/9916 700 1 $aHugon, Augusto Armand.$0(OLS)http://pul/name/39568 830 0$aStudi storici (Claudiana).$0(OLS)http://pul/title/4914 850 $aPUL 852 $aPUL$W1$xDP1 Altre Collocazioni$y17$mSenza collocazione$j12$nBK-PRI$b $qStampati$B74012$CPULBib$Z2$F74012 $H $81 852 $aPUL$W1$xSL Religione 1$y3$m74 F 34$j74013$nBK-PRI$b $qStampati$B74013$CPULBib$Z2$F74013 $H $81 852 $aPUL$W1$xSL Religione 1$y3$m74 F 16-18$j74014$nBK-PRI$b $qStampati$B74014$CPULBib$Z2$F74014 $H $81 852 $aPUL$W1$xSL Religione 1$y3$m74 F 16-18$j74014$nBK-PRI$b $qStampati$B74015$CPULBib$Z2$F74015 $H $81 852 $aPUL$W1$xSL Religione 1$y3$m74 F 16-18$j74014$nBK-PRI$b $qStampati$B74016$CPULBib$Z2$F74016 $H $81 941 1 $a8 961 $aINV: 72002 961 $aINV: 40937 (v.1), 40938 (v.2), 49294 (v.3) 961 $aINV: 40937 (v.1), 40938 (v.2), 49294 (v.3) 961 $aINV: 40937 (v.1), 40938 (v.2), 49294 (v.3) 996 $6245$aStoria dei Valdesi$9(OLS)http://pul/title/75475 996 $6260$aTorino :$bClaudiana$9(OLS)http://pul/publisher/48072 LEADER 01241nam a2200277 u 4500 001 000000079199 003 CaOOAMICUS 005 20130607171926.0 008 040527s2001 pl u000 u pol u 020 $a8373060324 035 $a10997032 040 $aPUL$bita 041 0 $apol$aeng 245 00$aTraktat Nicejski /$credaktor Andrzej Podraza. 260 $aLublin :$bTowarzystwo Naukowe Katolickiego Uniwersytetu Lubelskiego :$bFundacja Rozwoju Kul,$cc2001. 300 $a227 p. ;$c21 cm 490 1 $aZródla i monografie ;$v214 504 $aBibliografia in nota. 651 4$aEuropa$xCostituzioni.$0(OLS)http://pul/subject/7133 830 0$aZród?a i monografie (Towarzystwo Naukowe Katolickiego Uniwersytetu Lubelskiego) ;$v214.$0(OLS)http://pul/title/2219 850 $aPUL 852 $aPUL$W1$xSL Diritto e Scienze Sociali 3$y79$m341. 24 PODAN 1$j101400$nBK-PRI$b $qDDC 21$B101400$CPULBib$Z2$F101400 $HPUL90496 $81 941 1 $a9 996 $6020$a8373060324$9(OLS)http://pul/number/103991 996 $6245$aTraktat Nicejski$9(OLS)http://pul/title/103687 996 $6260$aLublin :$bTowarzystwo Naukowe Katolickiego Uniwersytetu Lubelskiego :$bFundacja Rozwoju Kul$9(OLS)http://pul/publisher/75574